000 01040nam a22002417a 4500
005 20170123164152.0
010 _aB-210471
020 _c150.00
035 _aB-210471
037 _aCen Lib / Ret
040 _aDPL
_bPN
082 _a851
_bਰਾਜਿੰਦ
245 _aਪਾਸ਼ - ਮੈਂ ਹੁਣ ਵਿਧਾ ਹੁੰਦਾ ਹਾਂ :
_cਸੰਪਾਦਕ ਰਾਜਿੰਦਰ ਪਾਲ ਸਿੰਘ
_bਚੇਣਵੀਂ ਕਵਿਤਾ /
246 _aPaash - main hun vidha hunda haan : collection of poetry /
_bedited by Rajinder Pal Singh
260 _aਚੰਡੀਗੜ੍ਹ
_bਲੋਕ ਗੀਤ ਪ੍ਰਕਾਸ਼ਨ
_c2005
270 _aSCO 26-27, Sector 34A
_bChandigarh
_e160022
300 _a184p.
_c22cm(Hb)
650 _aਪੰਜਾਬੀ ਸਾਹਿਤ
_9126994
650 _a ਪੰਜਾਬੀ ਕਵਿਤਾ
_9126995
650 _aPunjabi - Poetry
_9126996
700 _aਰਾਜਿੰਦਰ ਪਾਲ ਸਿੰਘ
_944266
942 _2ddc
_cPN
_h851
_mਰਾਜਿੰਦ
999 _c110413
_d110413